| 000 | 01013nam a2200289Ia 4500 | ||
|---|---|---|---|
| 001 | Z_3381 | ||
| 003 | CHAP | ||
| 008 | 220113s1993 xx 000 0 und d | ||
| 010 | _a166496 | ||
| 040 | _cCHAP | ||
| 090 | _aFolleto 386 1993 | ||
| 100 |
_aCámara Nacional de la Industria de Transformación. México. Sección de Fabricantes de Alimentos Balanceados para Animales _9140572 |
||
| 245 |
_aLa industria alimentaria animal en México 1993-1994 / _cpor Cámara Nacional de la Industria de Transformación. México. Sección de Fabricantes de Alimentos Balanceados para Animales |
||
| 260 |
_aMéxico, D. F. : _bCámara Nacional de la Industria de la Transformación, _c1993 |
||
| 300 | _a76 p. : gráfs. ; mapas ; cuadros | ||
| 440 | _a | ||
| 500 | _a | ||
| 503 | _a | ||
| 650 |
_aAlimentos y alimentación del ganado _xIndustria _94337 |
||
| 650 |
_aNutrición animal _982275 |
||
| 901 | _aFolleto 386 1993 | ||
| 902 | _aA | ||
| 910 | _a1993 | ||
| 942 | _cc14 | ||
| 942 | _cc14 | ||
| 999 |
_c166496 _d166496 |
||